000 00425nam a22001217a 4500
008 110513t xxu||||| |||| 00| 0 eng d
082 _a348.043
245 _aLaw Reports of the Commonwealth 2001 Vol 3 /
260 _aLondon:
_bButterworths,
_c2011.
300 _av;
942 _2ddc
_cBK
999 _c1850
_d1850